000
00302nam a2200121Ia 4500
008
170620s9999 xx 000 0 und d
100
_a
PARODKAR-ANANT & BAKLIWAL-SUNIL
245
0
_a
HOSPITAL PHARMACY
260
_b
NIRALI PRAKASHAN MEERUT
260
_c
2008
300
_a
2211
546
_a
English
690
_a
HOSPITAL PHARMACY
999
_c
31237
_d
31237